| 000 | 00436nam a2200145 a 4500 | ||
|---|---|---|---|
| 001 | 000047811 | ||
| 005 | 20201002060742.0 | ||
| 008 | 180817s2012 dr a 000 spa d | ||
| 040 |
_aDO-SdBNP _bspa _cBNPHU |
||
| 082 |
_axxx _bE968 |
||
| 245 | 0 | _aExamen de las políticas de ciencias, tecnologíca e innovación. | |
| 260 |
_aSanto Domingo : _bNaciones Unidas, _c2012. |
||
| 300 |
_a110 p : _bil ; _c30 cm. |
||
| 590 | _aInventariado,2018/DG | ||
| 999 |
_c47299 _d47299 |
||